América Latina : (Record no. 2427)

MARC details
000 -CABECERA
campo de control de longitud fija 00773nam a2200217 a 4500
005 - FECHA Y HORA DE LA ÚLTIMA TRANSACCIÓN
campo de control 20240911063721.0
008 - ELEMENTOS DE LONGITUD FIJA--INFORMACIÓN GENERAL
campo de control de longitud fija 991125s1970 es 000 0 spa u
035 ## - NÚMERO DE CONTROL DEL SISTEMA
Número de control de sistema UPN01000002427
049 ## - COLECCIÓN
Colección CG
050 #4 - SIGNATURA TOPOGRÁFICA DE LA BIBLIOTECA DEL CONGRESO
Número de clasificación F1410
Número de documento/Ítem L3.28 1970
100 1# - ASIENTO PRINCIPAL--NOMBRE PERSONAL
Nombre de persona Lambert, Jacques
245 10 - MENCIÓN DE TÍTULO
Título América Latina :
Resto del título estructuras sociales e instituciones políticas /
Mención de responsabilidad, etc. Jacques Lambert ; pról., rev. y ed. de Antonio Lago Carballo ; tr. Pablo Bordonaba.
250 ## - MENCIÓN DE EDICIÓN
Mención de edición 2a ed. actualizada
260 ## - PUBLICACIÓN, DISTRIBUCIÓN, ETC.
Lugar de publicación, distribución, etc. Barcelona, Esp. :
Nombre del editor, distribuidor, etc. Ariel,
Fecha de publicación, distribución, etc. 1970.
300 ## - DESCRIPCIÓN FÍSICA
Extensión 600 p.
440 #0 - MENCIÓN DE SERIE/ASIENTO SECUNDARIO--TÍTULO
Título Demos.
Nombre de parte o sección de la obra Biblioteca de ciencia política
651 #4 - ASIENTO SECUNDARIO DE MATERIA - NOMBRE GEOGRAFICO
Nombre geográfico América Latina
Subdivisión general Política y gobierno
9 (RLIN) 1083
651 #2 - ASIENTO SECUNDARIO DE MATERIA - NOMBRE GEOGRAFICO
Nombre geográfico América Latina
Subdivisión general Condiciones sociales
9 (RLIN) 2836
700 1# - ASIENTO SECUNDARIO--NOMBRE DE PERSONAL
Nombre de persona Lago Carballo, Antonio,
Término indicativo de función/relación ed.
905 ## - TIPO DE MATERIAL
Tipo de material Libro
Holdings
Estado de retiro Estado de pérdida Fuente del sistema de clasificación o colocación Estado dañado No para préstamo Código de colección Localización permanente Ubicación/localización actual Ubicación en estantería Total de préstamos Clasificación Código de barras Fecha visto por última vez Número de copia Tipo de ítem Koha
    Library of Congress Classification     Colección General Bib. Gregorio Torres Quintero Bib. Gregorio Torres Quintero Planta baja 9 F1410 L3.28 1970 15570 31/12/2020 1 Libro
    Library of Congress Classification     Colección General Bib. Gregorio Torres Quintero Bib. Gregorio Torres Quintero Planta baja 9 F1410 L3.28 1970 34475 31/12/2020 1 Libro